| 000 | 00890cab a2200277 4500 | ||
|---|---|---|---|
| 001 | WB3515-02 | ||
| 008 | 090401t1999 xxu||||| |||| 00| 0 eng d | ||
| 035 | _a(Sirsi) u92882 | ||
| 041 | _aeng | ||
| 245 | _aNew lease of life for city centres | ||
| 260 | _c1999 | ||
| 350 | _a0 | ||
| 490 |
_aRICS Press Release _v(189) 14 April 1999 (2) |
||
| 520 | _aOn 23 April, the final day of Construction Week, the RICS will chair a seminar to discuss the results of a nationwide survey on the conversion of disused commercial buildings to residential use. | ||
| 650 | _aALTERNATIVE USES | ||
| 650 | _aCHANGE OF USE | ||
| 650 | _aCITY CENTRES | ||
| 650 | _aPROPERTY-COMMERCIAL PROPERTY | ||
| 650 | _aOFFICE BUILDINGS | ||
| 650 | _aRESEARCH | ||
| 650 | _aRESIDENTIAL CONVERSIONS | ||
| 650 | _aRESIDENTIAL USE | ||
| 690 |
_aRefurbishment _96264 |
||
| 942 | _n0 | ||
| 948 | _c21/04/1999 | ||
| 999 |
_c58872 _d58872 |
||